000 00259nam a2200109 a 4500
005 20140412111327.0
008 110121s19uu xx 00 eng d
050 _aER
_bVi65 1986
100 _aHunt, Roderick
245 _aVillage in the snow.
999 _c104697
_d104697